El Problema multidimensional de las maras
Պահպանված է:
| Ձևաչափ: | Տեքստ |
|---|---|
| Խորագրեր: | |
| Ցուցիչներ: |
Ավելացրեք ցուցիչ
Չկան պիտակներ, Եղեք առաջինը, ով նշում է այս գրառումը!
|
MARC
| LEADER | 00000 a a2200000 04500 | ||
|---|---|---|---|
| 001 | 6681 | ||
| 003 | |||
| 040 | |||
| 245 | |a El Problema multidimensional de las maras | ||
| 650 | |a DELINCUENCIA JUVENIL | ||
| 650 | |a SEGURIDAD CIUDADANA | ||
| 650 | |a VIOLENCIA | ||
| 650 | |a DESIGUALDAD SOCIAL | ||
| 773 | |g volumen 24, número 1061; páginas 6-7 | ||
| 999 | |c 35159 |d 35159 | ||
